Countries bordering 2 smaller countries - Statistics

General Stats
  • This quiz has been taken 84 times
  • The average score is 12 of 15
Answer Stats
ANSWER % Correct
S
97%
Sw
86%
Swe
85%
Swed
85%
Swede
85%
SWEDEN
85%
N
82%
Ni
79%
Nic
75%
Nica
75%
Nicar
75%
Nicara
75%
Nicarag
75%
Nicaragu
75%
NICARAGUA
75%
No matching quizzes found
Score Distribution
Percent of People with Each Score
Percentile by Number Answered
Your Score History
You have not taken this quiz